000 00461nam a2200169Ia 4500
999 _c26589
_d26589
003 OSt
005 20201204101451.0
008 190216s9999||||xx |||||||||||||| ||und||
040 _coclc
082 _a894.8123
_bVKN/S
100 _aV K N
_96953
245 0 _aSyndicate /
_cV K N
260 _bMathrubhumi Printing & publishing,
_aKozhikode:
300 _a220p
650 _aNovel
942 _cBK
_2ddc
_h894.8123
_iVKN/S
_k894.8123
_mVKN/S